The metaphysics of morals / introd., trad. y notas de mary gregor

Guardado en:
Autor Principal: Kant, Immanuel
Otros Autores: Gregor, Mary, introd., notas y trad.
Formato: Libro
Publicado: Cambridge : University Press, 1991
Materias:
Etiquetas: Agregar Etiqueta
Sin Etiquetas, Sea el primero en etiquetar este registro!
LEADER 00630nam a22002055a 4500
001 EHU.bham044821
003 AR-BHAM
005 20170530114210.0
008 130507s1991##################000#0#####d
020 |a 0521303729 
082 1 1 |a 110 
100 1 |a Kant, Immanuel 
245 1 0 |a The metaphysics of morals /  |b introd., trad. y notas de mary gregor  |c  Immanuel Kant : 
260 |a Cambridge :  |b University Press,  |c 1991 
300 |a 307 p. 
653 |a Ética 
653 |a Filosofía alemana 
653 |a Metafísica 
700 1 |a Gregor, Mary, introd., notas y trad. 
859 |a AR-BHAM  |b BIB. HUMANIDADES - General  |h 110  |i K13-11  |p 164.17  |t Ej.1